[Event "Brasil Copel Telecom SESC 2018"]
[Site "Caioba Matinhos"]
[Date "2018.08.01"]
[Round "2"]
[White "Dos Santos Junior, Haroldo Cunha"]
[Black "Rodriguez Vila, Andres"]
[Result "1-0"]
[WhiteElo "2077"]
[BlackElo "2487"]
[Annotator "TA"]
[PlyCount "111"]
[EventDate "2018.08.01"]
[EventType "swiss"]
[EventCountry "BRA"]
[SourceTitle "playchess.com"]
[Source "ChessBase"]
[SourceQuality "1"]

{[%evp 22,111,46,41,47,46,37,33,64,41,42,41,97,94,93,87,88,21,91,82,75,0,53,39,75,79,70,26,75,73,71,63,52,14,25,0,78,79,83,77,105,105,97,107,100,98,104,100,94,0,153,154,164,152,126,147,156,132,164,7,7,0,29981,2219,6627,2276,1825,1763,7200,6498,1879,1029,29990,29991,29993,29988,29990,29991,29995,29993,29993,29991,29991,29992,29992,29993,29993,29994,29994,29994,29994,29995]} 1. d4 {Schussler,H} f5 2. Nf3 Nf6 3. c4 g6 4. g3 Bg7 5. Bg2 O-O 6. O-O d6 7. Nc3 Qe8 8. b3 h6 9. Bb2 g5 10. d5 c5 {A87: Dutch Defence: Leningrad System: 5 Nf3} 11. Ne1 Na6 12. Nd3 {LiveBook: 3 Games} Bd7 $146 {White is slightly better.} ({Predecessor:} 12... Qg6 13. Qd2 Bd7 14. f4 Ng4 15. Nf2 Bd4 16. Ncd1 Qh5 17. h3 Nxf2 18. Nxf2 Bxb2 19. Qxb2 gxf4 20. gxf4 {0-1 (34) Tukmakov,V (2570)-Malaniuk,V (2505) Lvov 1990 CBM 018 [Schussler,H]}) 13. e4 fxe4 14. Nxe4 b5 15. Qe2 bxc4 16. bxc4 Rb8 {[#]} (16... Qf7 $14) 17. f4 $1 $16 Qg6 18. Rae1 Bf5 {White must now prevent ...Nxe4.} 19. Nef2 ({White should try} 19. Bxf6 $16 Bxf6 20. Nxf6+ exf6 21. Be4 Bxe4 22. Qxe4 Qxe4 23. Rxe4) 19... Rf7 (19... Rxb2 $11 {keeps the balance.} 20. Nxb2 gxf4) 20. fxg5 hxg5 21. Ba1 (21. Bh3 $16) 21... Rbf8 (21... Nb4 $11 22. Nxb4 Rxb4) 22. Bh3 $14 Bxh3 23. Nxh3 Nc7 24. Nhf2 Na8 25. a4 {[%cal Ba2a4,Ba4a5][%mdl 32]} Ne8 26. a5 Nac7 {[%cal Ba8c7,Bc7a6,Ba6b4][%mdl 32]} 27. Qe4 Qh5 28. Qe2 Qh8 (28... Qg6 $1 $11 {remains equal.}) 29. Bxg7 $16 Qxg7 30. Qe3 $36 {[%mdl 2048] White is in control.} Na6 31. Ne4 {Strongly threatening Rxf7.} Rxf1+ 32. Rxf1 Rxf1+ 33. Kxf1 Nb4 34. Ndf2 Nc2 35. Qe2 ({But not} 35. Qxg5 Qxg5 36. Nxg5 Ne3+ 37. Ke2 Nxc4 $15) (35. Qc1 $16 Qa1 36. Qxa1 Nxa1 37. Ke2 (37. Nxg5 Nb3 $16)) 35... Qa1+ $2 (35... Nd4 $1 $11 36. Qe3 Qe5) 36. Kg2 Ne1+ 37. Kh3 Qh8+ 38. Kg4 Ng7 {[%csl Gg7][%cal Rh8h5]} 39. Kxg5 Ng2 {[#]} 40. Qg4 $2 (40. h4 $1 $18) 40... Qxh2 $11 41. Nh3 {White wants to mate with Kh6.} Kh7 $2 {[%mdl 8192]} (41... Ne3 $11 42. Qd7 Qe2) 42. Nef2 (42. a6 $142 Nf4 43. Kxf4 Kg8 44. Qh4 Qe2 45. Qxe7 Qe3+ 46. Kxe3 Nf5+ 47. Kd3 Nxe7 48. Nxd6) 42... a6 43. Qe4+ (43. Qf3 $142 Ne1 44. Qe4+ Kg8 45. Kg4) 43... Kg8 $18 44. Qf3 Ne1 45. Qg4 {Kg6 would kill now.} Kf7 46. Qf4+ Kg8 47. Kg6 {White mates.} Nf5 48. Kxf5 Ng2 49. Qg5+ Kh8 50. Kg6 Kg8 51. Ng4 Qxh3 52. Nh6+ Kf8 53. Nf5 Kg8 54. Nxe7+ Kf8 55. Nf5 {[%cal Rg5d8]} Nf4+ 56. gxf4 {Precision: White = 47%, Black = 41%.} 1-0

[Event "Brasil Copel Telecom SESC 2018"]
[Site "Caioba Matinhos"]
[Date "2018.08.02"]
[Round "3"]
[White "Di Berardino, Diego Rafael"]
[Black "De Borba, Guilherme"]
[Result "1-0"]
[WhiteElo "2528"]
[BlackElo "2291"]
[Annotator "TA"]
[PlyCount "90"]
[EventDate "2018.08.01"]
[EventType "swiss"]
[EventCountry "BRA"]
[SourceTitle "playchess.com"]
[Source "ChessBase"]
[SourceQuality "1"]

{[%evp 25,90,35,33,22,30,29,31,19,56,31,43,12,10,16,28,21,14,26,30,28,44,10,10,8,12,0,0,0,0,0,0,0,0,0,17,17,32,14,259,250,324,324,324,324,324,324,324,324,437,410,495,494,499,492,489,491,641,477,668,654,683,679,631,603,677,668,29985]} 1. e4 {Volokitin,A} e5 2. Nf3 Nc6 3. Bb5 g6 4. d4 exd4 5. Bg5 Be7 6. Bxe7 Qxe7 7. Bxc6 dxc6 8. Qxd4 Nf6 9. Nc3 Bg4 {C60: Ruy Lopez: Unusual Black 3rd moves and 3...g6} 10. Nd2 c5 11. Qe3 O-O-O 12. h3 (12. f3 Be6 13. O-O-O b6 14. g4 Nd7 15. h3 Ne5 16. f4 Nc6 17. Nf3 {0-1 (34) Guseinov,G (2645)-Carlsen,M (2832) chess.com INT 2017}) 12... Be6 13. O-O-O Rhe8 {LiveBook: 3 Games} 14. Rhe1 Nd7 15. f4 f6 {[#]} 16. g4 $146 ({Predecessor:} 16. Nf3 Nb8 17. Rxd8+ Rxd8 {½-½ (70) Volokitin,A (2642)-Ali Marandi,C (2476) Gjakova 2016 CBM 173 [Volokitin,A]}) 16... g5 17. Nf3 {[%cal Rf4g5]} h6 18. Qf2 gxf4 19. Qh2 Ne5 20. Qxf4 Qg7 21. Rxd8+ Rxd8 22. Rf1 Rh8 23. b3 (23. Nd5 {with more complications.} Rd8 24. Nxe5 fxe5 25. Qf6 Qxf6 26. Rxf6 Bxd5 27. exd5 Rxd5 28. Rxh6 Kd7 29. Rh5) 23... Nxf3 24. Qxf3 h5 25. Qxf6 Qxf6 26. Rxf6 hxg4 27. hxg4 Bxg4 $11 {[%mdl 4096] Endgame KRB-KRN} 28. Nd5 c6 29. Ne3 Bh5 30. Nf5 Kd7 31. e5 {[%cal Be4e5,Be5e6][%mdl 32]} Re8 $2 {[#]} (31... b6 $11) 32. e6+ $1 {[%mdl 512]} Kc7 (32... Rxe6 33. Rxe6) 33. Ng7 $1 {[%csl LRe8,LRh5]} Rh8 {[#]} 34. e7 $1 Kd7 35. Rf8 Rh7 36. Nxh5 Rxe7 $18 {KRN-KR} 37. Ra8 a6 38. Nf4 {White is clearly winning.} Kc7 39. Nd3 Kb6 40. Kb2 Rh7 41. a4 {[%cal Ba2a4,Ba4a5][%mdl 32]} Rh5 (41... Re7 $142 42. Rh8 Rd7) 42. Re8 Rh4 43. Ne5 Kc7 44. Rg8 Rh7 45. a5 Rh8 {Precision: White = 74%, Black = 40%.} 1-0

[Event "Brasil Copel Telecom SESC 2018"]
[Site "Caioba Matinhos"]
[Date "2018.08.02"]
[Round "3"]
[White "Cubas, Jose Fernando"]
[Black "Aranha Filho, Alvaro Z"]
[Result "1-0"]
[WhiteElo "2489"]
[BlackElo "2284"]
[Annotator "TA"]
[PlyCount "97"]
[EventDate "2018.08.01"]
[EventType "swiss"]
[EventCountry "BRA"]
[SourceTitle "playchess.com"]
[Source "ChessBase"]
[SourceQuality "1"]

{[%evp 21,97,2,18,15,22,21,52,23,30,31,47,16,34,31,38,8,37,51,90,81,87,93,84,93,97,98,116,109,148,103,104,92,128,92,160,146,245,141,226,224,222,212,251,113,122,115,185,188,170,167,170,131,149,104,169,155,209,216,261,231,294,287,418,366,452,452,512,508,822,806,839,845,842,836,775,753,656,444]} 1. e4 c5 2. Nc3 e6 3. g3 d5 4. exd5 exd5 5. Bg2 Nf6 6. d3 Be7 7. Nge2 {[%cal Bg1e2,Be2f4,Bf4d5][%mdl 32]} d4 8. Ne4 Nxe4 {B23: Sizilianisch (Geschlossenes System)} 9. dxe4 Nc6 (9... O-O 10. O-O Nc6 11. c3 Bf6 12. cxd4 Nxd4 13. Nc3 Be6 14. f4 Bc4 15. Rf2 Ne2+ 16. Rxe2 Qxd1+ 17. Nxd1 Bxe2 18. e5 Bxd1 19. exf6 Rad8 20. fxg7 Rfe8 21. Bxb7 Bg4 {0-1 (21) Muzychuk,A (2580)-Cramling,P (2491) Tbilisi 2012}) 10. Nf4 Bg5 11. O-O O-O {LiveBook: 5 Partien} 12. Nd5 Bxc1 13. Rxc1 Ne7 14. c4 $146 ({Vorgänger:} 14. Nxe7+ Qxe7 {½-½ (14) Arjun,V (2274)-Werner,D (2358) Budapest 2007}) 14... dxc3 15. Nxc3 Be6 16. Qh5 b6 17. Rfd1 Qc8 {Mit der Idee ...Lg4.} 18. h3 Rb8 19. b4 Rd8 20. bxc5 Rxd1+ 21. Qxd1 bxc5 22. Qd6 Rb7 23. Nd5 Bxd5 24. exd5 Rc7 25. Re1 Rd7 26. Qe5 $40 {[%mdl 128] Schwarz ist in Schwierigkeiten.} Qd8 27. h4 {Droht stark Lh3.} Kf8 {[#]} ({Günstiger ist} 27... Ng6 28. Qe8+ Nf8) 28. Rb1 $1 $16 {[%cal Rb1b8]} Rd6 (28... f6 $16 29. Qf4 Ng6) 29. Qf4 (29. Rb7 $18) 29... h6 (29... Rb6 $16 {war einen Versuch wert.} 30. Rc1 Qb8) 30. Rb7 $18 a6 31. Ra7 Rd7 {[#]} 32. Rxa6 (32. Rxd7 $1 $18 {ist der präzise Gewinnweg.} Qxd7 33. Qb8+ Qc8 34. Qa7) 32... Nxd5 $16 33. Qc4 Kg8 (33... Nc7 $16 {ist wohl besser.}) 34. Qxc5 Nc7 35. Ra3 g6 36. Rc3 Kh7 37. Qb6 Qe7 (37... Ne6 $16 38. Qxd8 Rxd8) 38. Re3 $18 Qd8 (38... Ne6 $16 39. a4 Rd6) 39. a4 {[%cal Ba2a4,Ba4a5,Ba5a6,Ba6a7][%mdl 32]} Rd2 40. Rc3 Rd7 41. a5 Qe7 (41... Ne6 $142 42. Qxd8 Nxd8) 42. Re3 Qd8 43. a6 {Weiß steht klar auf Gewinn.} Rd6 44. Qb3 Rf6 (44... Rd7 $142 45. a7 Na8) 45. a7 Qd2 46. Rf3 Qe1+ 47. Kh2 Rxf3 48. Qxf3 Kg7 49. Qc6 {Precision: Weiß = 57%, Schwarz = 35%.} 1-0

[Event "Brasil Copel Telecom SESC 2018"]
[Site "Caioba Matinhos"]
[Date "2018.08.02"]
[Round "3"]
[White "Santiago, Yago De Moura"]
[Black "Gauche, Charles"]
[Result "0-1"]
[WhiteElo "2460"]
[BlackElo "2248"]
[Annotator "TA"]
[PlyCount "172"]
[EventDate "2018.08.01"]
[EventType "swiss"]
[EventCountry "BRA"]
[SourceTitle "playchess.com"]
[Source "ChessBase"]
[SourceQuality "1"]

{[%evp 23,172,39,41,42,34,25,39,28,40,25,27,24,18,33,24,8,24,16,67,63,65,63,68,66,58,54,66,39,85,19,73,73,83,73,66,73,68,0,68,69,116,58,185,7,7,0,14,2,17,20,15,22,30,12,10,7,13,0,0,0,35,28,37,19,32,18,39,35,39,39,39,18,18,18,32,32,32,0,18,18,32,0,0,-6,-5,-19,0,0,0,0,0,0,0,0,0,0,0,-155,-163,-188,-177,-204,-196,-213,-208,-302,-302,-250,-334,-330,-328,-310,-316,-613,-614,-611,-614,-612,-612,-598,-604,-553,-543,-524,-520,-693,-597,-835,-589,-692,-561,-897,-887,-888,-486,-526,0,-871,-853,-845,-811,-802,-764,-985,-922,-925,-785,-5708,-5704,-29989,-29977]} 1. c4 e5 2. g3 Nf6 3. Bg2 d5 4. cxd5 Nxd5 5. Nf3 Nc6 6. O-O Be7 7. d4 exd4 8. Nxd4 Nxd4 9. Qxd4 Nf6 10. Qa4+ c6 11. Rd1 {A20: Englische Eröffnung} Bd7 12. Nc3 O-O {LiveBook: 6 Partien} (12... Qc8 13. Bf4 O-O 14. Rd2 Bh3 15. Rad1 Bxg2 16. Kxg2 Qe6 17. Bd6 Rfd8 18. Bxe7 Rxd2 19. Rxd2 Qxe7 {½-½ (42) Vazquez Igarza,R (2577)-Gilevich,A (2423) Gallipoli 2017}) 13. Bg5 {Weiß steht etwas besser.} Qe8 14. Rd2 Be6 15. Rad1 $146 ({Vorgänger:} 15. e4 Nd7 16. Bxe7 Qxe7 17. Rad1 Nb6 18. Qc2 Qc5 19. h3 {½-½ (21) Smid,M (2214)-Starek,S (2172) Prague 2016}) 15... h6 16. Bf4 Qc8 17. Bd6 Bxd6 18. Rxd6 Qc7 19. e4 Qb6 20. R1d2 Qc5 (20... Rfd8 $11) 21. Qd4 $14 Qxd4 22. R6xd4 Rac8 23. f4 Rc7 24. e5 Nd7 25. Be4 Bg4 26. Bc2 ({Günstiger ist} 26. b4 $16) 26... Re8 (26... f6 $1 $11 {bleibt in der Remisbreite.}) 27. Ne4 $36 {[%mdl 2048] Schwarz steht unter starkem Druck.} Be6 28. Nd6 Re7 29. Nf5 Re8 30. Nd6 Re7 $1 31. Bf5 Bd5 32. b3 (32. Nb5 $16 Be4 33. Bxd7 (33. Nxc7 Bxf5 34. Na8 Nc5 $16) (33. Rxd7 Rexd7 34. Rxd7 Rxd7 $16) 33... cxb5 34. Bxb5 (34. Rxe4 Rexd7 35. Rxd7 Rxd7 $11)) 32... f6 {[#]} ({Besser ist} 32... Nb6 $14) 33. exf6 $2 (33. Nb5 $1 $18 {[%cal Rb5c7]} cxb5 34. Rxd5) 33... Nxf6 $11 34. Kf2 Kf8 35. Nc4 Ne4+ 36. Bxe4 Rxe4 37. Rxe4 Bxe4 {[%mdl 4096] Endspiel KTL-KTS} 38. Rd8+ Ke7 39. Rg8 Ke6 40. Ke3 Bb1 41. a3 Rd7 42. Ne5 Rc7 43. h4 h5 44. Kd4 b6 45. Re8+ Kf5 46. Rh8 g6 $1 47. Rd8 Ke6 48. Kc3 Bf5 49. Re8+ Kf6 50. Rd8 Ke7 51. Rg8 Kf6 52. b4 c5 53. Rf8+ Kg7 54. Ra8 Be4 55. Rd8 cxb4+ 56. Kxb4 Bg2 57. a4 Be4 58. Nc4 Bf5 59. Nd6 Bd7 60. Ne4 $2 {[#]} (60. Ne8+ $11 Bxe8 61. Rxe8) 60... Bxa4 $1 $17 {[%mdl 512]} 61. Ng5 (61. Kxa4 Rc4+) 61... Bd7 62. Rb8 a5+ {[%cal Ba7a5,Ba5a4,Ba4a3][%mdl 32]} 63. Kb3 b5 {[%cal Bb6b5,Bb5b4][%mdl 32]} 64. Rb6 {[#]} (64. Kb2 {ist eine bessere Verteidigung.}) 64... b4 $1 $19 65. Ra6 Rc3+ 66. Kb2 {Droht Ta7.} a4 ({Minderwertig wäre} 66... Rxg3 67. Ra7 $11) 67. Ra7 Rd3 68. Ne6+ $2 (68. Rb7 Kf8 69. Rxb4) 68... Kf6 69. Nc5 a3+ 70. Kb1 Rd1+ 71. Kc2 Bg4 72. Ne4+ Ke6 73. Ra6+ Ke7 74. Nc5 Rd5 75. Ra7+ Kd8 76. Ra5 {Und Sb7+ würde nun gewinnen.} Rd4 77. Kb3 Bd1+ 78. Ka2 Rc4 79. Nd3 Rd4 (79... Bc2 $142 80. Nxb4 Rxb4) 80. Nc5 {Se6+ ist eine echte Drohung.} Rd2+ 81. Kb1 Bg4 82. Kc1 Rg2 83. Ra8+ Kc7 84. Ra4 a2 85. Nb3 Be6 86. Nd4 Bd5 {Precision: Weiß = 33%, Schwarz = 53%.} 0-1

[Event "Brasil Copel Telecom SESC 2018"]
[Site "Caioba Matinhos"]
[Date "2018.08.02"]
[Round "3"]
[White "Rodi, Luis Ernesto"]
[Black "Supi, Luis Paulo"]
[Result "0-1"]
[WhiteElo "2308"]
[BlackElo "2565"]
[Annotator "TA"]
[PlyCount "112"]
[EventDate "2018.08.01"]
[EventType "swiss"]
[EventCountry "BRA"]
[SourceTitle "playchess.com"]
[Source "ChessBase"]
[SourceQuality "1"]

{[%evp 21,112,42,63,56,66,63,58,61,88,58,68,63,62,38,45,0,0,-37,-80,-81,-77,-72,-52,-54,-50,-42,-47,-46,-35,-38,-40,-121,-35,-20,-25,-117,-53,-64,-34,-24,-32,-32,-32,-29,-32,-45,-32,-41,-50,-53,-34,-56,-39,-85,0,0,0,0,0,0,0,0,0,0,0,0,0,0,0,0,0,0,0,0,0,0,0,0,0,0,0,0,0,0,0,0,0,-554,-543,-29980,-29981,-29980,-29980]} 1. e4 c5 2. Nf3 e6 3. d4 cxd4 4. Nxd4 a6 5. c4 Nf6 6. Nc3 Qc7 7. Be2 b6 8. O-O Bb7 9. Qd3 d6 10. f4 Nbd7 11. b4 Be7 {LiveBook: 9 Games. B41: Sicilian: Kan Variation: 5 c4} (11... d5 12. exd5 Bxb4 13. dxe6 Nc5 14. exf7+ Kxf7 15. Qh3 Rad8 16. Nd5 Nxd5 17. cxd5 Bxd5 18. Nc2 Ba5 19. Ne3 Ne4 20. Bb2 Bd2 21. Bh5+ Kg8 22. Nxd5 Qc5+ 23. Kh1 Qxd5 24. Rad1 Qxa2 25. Rxd2 Nxd2 26. Qc3 {1-0 (26) Kollars,D (2498)-Movsesian,S (2671) Germany 2018}) 12. Bb2 Rc8 13. Rac1 Qb8 {White is slightly better.} 14. Qe3 $146 ({Predecessor:} 14. a3 Qa8 15. Bf3 O-O 16. Rfe1 Rfd8 17. g4 Ne5 18. fxe5 dxe5 19. Nd5 exd5 20. exd5 {1-0 (29) Gong,Q (2284)-Mordido,K (1755) Tagaytay City 2017}) 14... O-O 15. a3 Rfe8 16. Bd3 Bf8 17. Rce1 g6 18. Qh3 Bg7 19. Nf3 {[#]} b5 $1 {[%mdl 512]} 20. Nd2 (20. cxb5 $2 Nh5 $19) 20... bxc4 21. Nxc4 {With the idea e5.} Nxe4 22. Nxe4 Bxe4 23. Bxg7 (23. Rxe4 d5 $17) 23... Kxg7 24. Nxd6 $1 ({Much weaker is} 24. Rxe4 d5 $17) 24... Qxd6 25. Bxe4 Rc4 26. Rd1 ({White should play} 26. Qe3 $15) 26... Qc7 (26... Qb6+ $17 27. Kh1 Rxe4 28. Rxd7 Re3) 27. Qe3 $15 Nf6 28. Bb1 (28. Bf3 $1 $11) 28... Ng4 ({Black should try} 28... a5 $17 29. Bd3 Rc3) 29. Qe2 $1 {[%cal Re2g4]} Qb6+ 30. Kh1 Ne3 31. Rde1 $1 Rc3 32. Rf3 {Threatens to win with Qb2.} Rec8 $1 (32... Nd5 $2 33. Rxc3 Nxc3 34. Qe5+ Kg8 35. Qxc3 $18) 33. h3 ({Don't go for} 33. Rxe3 $2 Qxe3 34. Qxe3 Rxe3 $19) 33... Nd5 34. f5 Rxf3 35. Qxf3 Rc3 36. Qe2 $1 {[%cal Rf5e6]} gxf5 {[#]} 37. Bxf5 $1 {[%mdl 512]} Re3 ({Much worse is} 37... Rxa3 38. Qe5+ f6 39. Qxe6 $15) (37... Qd4 $17 38. Be4 Nf6) (37... exf5 38. Qe5+) 38. Qb2+ $1 $11 Kg8 39. Rxe3 Qxe3 40. Bg4 Qe1+ 41. Kh2 Ne3 {Hoping for ...Nf1+.} 42. Qe2 Qc1 43. Qxa6 h5 44. Be2 {aiming for Qa8+.} h4 45. Qa8+ Kg7 $1 46. Qf3 Nf5 47. Qg4+ Kf8 48. Bd3 Qc7+ 49. Kg1 Qc1+ 50. Kh2 Qc7+ 51. Kg1 Qb6+ 52. Kh1 Ng3+ 53. Kh2 Qd6 54. Bc2 $2 {[%mdl 8192]} (54. Qc4 $11) 54... Ne2+ $19 55. Kh1 Qd2 56. Kh2 Qe1 {Precision: White = 58%, Black = 75%.} 0-1

[Event "Brasil Copel Telecom SESC 2018"]
[Site "Caioba Matinhos"]
[Date "2018.08.02"]
[Round "3"]
[White "Rodrigues, Edgar"]
[Black "Matsuura, Everaldo"]
[Result "0-1"]
[WhiteElo "2301"]
[BlackElo "2497"]
[Annotator "TA"]
[PlyCount "54"]
[EventDate "2018.08.01"]
[EventType "swiss"]
[EventCountry "BRA"]
[SourceTitle "playchess.com"]
[Source "ChessBase"]
[SourceQuality "1"]

{[%evp 15,54,11,27,0,0,-37,-49,-59,-51,-55,-54,-48,-51,-80,-69,-123,-94,-89,-85,-177,-181,-241,-238,-225,-218,-241,-240,-262,-279,-273,-258,-297,-297,-327,-299,-331,-312,-390,-395,-454,-439]} 1. d4 Nf6 2. c4 e6 3. Nc3 Bb4 4. e3 c5 5. Nf3 Nc6 6. Be2 Bxc3+ {E41: Nimzoindisch (Rubinstein-System)} (6... cxd4 7. exd4 d5 8. O-O O-O 9. Bg5 Be7 10. a3 b6 11. Re1 dxc4 12. Bxc4 Bb7 13. Qd3 h6 14. Bd2 Na5 15. Ba2 Bxf3 16. Qxf3 Qxd4 17. Bf4 Rac8 18. Rac1 Qd7 {½-½ (18) Gagunashvili,M (2611)-Giorgadze,G (2610) Tbilisi 2007}) 7. bxc3 d6 8. O-O e5 {[%cal Be6e5,Be5e4][%mdl 32] LiveBook: 3 Partien. Die Stellung ist ausgeglichen.} 9. Qc2 Bg4 $146 ({Vorgänger:} 9... O-O 10. d5 Ne7 11. Nd2 Bf5 {½-½ (11) Keijzer,R (2203)-Fortune,J (2221) ICCF email 2012}) 10. Bb2 (10. d5 {is interesting.} Na5 11. h3 Bh5 12. e4 O-O 13. Qd3) 10... e4 11. Ng5 {[#] Und Lxg4 würde nun gewinnen.} Bxe2 12. Qxe2 Qe7 13. f3 O-O 14. Rae1 Rae8 15. Nh3 (15. Nxe4 $15 Nxe4 16. fxe4) 15... Na5 16. Nf4 Qd7 17. a4 (17. Nd5 $17 {ist eine bessere Verteidigung.}) 17... b6 ({Jedoch nicht} 17... Qxa4 $2 18. Ra1 $18) 18. Nd5 (18. Ra1 $142) 18... Nxd5 $19 ({Nicht} 18... Qxa4 19. Nxf6+ gxf6 20. fxe4 $11) 19. cxd5 Qxa4 20. dxc5 dxc5 ({Auf keinen Fall} 20... bxc5 21. Ra1 $17) 21. Rd1 Nc4 {Droht stark ...exf3.} 22. Bc1 Nd6 23. Qf2 Qc4 24. Qg3 Rd8 25. Rf2 f6 26. Bb2 Rfe8 27. f4 Qb3 {Precision: Weiß = 12%, Schwarz = 87%.} 0-1

[Event "Brasil Copel Telecom SESC 2018"]
[Site "Caioba Matinhos"]
[Date "2018.08.02"]
[Round "3"]
[White "Martins, Carlos"]
[Black "Sunye Neto, Jaime"]
[Result "1/2-1/2"]
[WhiteElo "2258"]
[BlackElo "2488"]
[Annotator "TA"]
[PlyCount "140"]
[EventDate "2018.08.01"]
[EventType "swiss"]
[EventCountry "BRA"]
[SourceTitle "playchess.com"]
[Source "ChessBase"]
[SourceQuality "1"]

{[%evp 18,140,18,14,11,-33,-20,-4,-29,-42,-35,-55,31,30,21,24,67,30,37,64,84,69,64,53,71,83,117,47,60,15,24,18,19,-40,-29,-46,-46,-48,-41,-43,-39,-57,-51,-57,-60,-140,-129,-133,-130,-164,-160,-132,-147,-142,-132,-164,-164,-158,-143,-139,-92,-92,-92,-92,-92,-92,0,-92,-92,-92,0,-92,-92,-92,-92,-92,-92,-92,-92,-98,-102,-102,-91,-92,-92,-91,-83,-77,-81,-77,-77,-85,-82,-110,-81,-83,0,-83,-83,-98,-107,-156,-152,-157,-99,-104,-83,-77,0,-70,0,-70,0,-77,-82,-160,-137,-151,-156,-162,-168,-156,-152,-132,-28]} 1. e4 c5 2. Nf3 d6 3. d4 cxd4 4. Nxd4 Nf6 5. Nc3 a6 6. Be3 e5 7. Nb3 Be6 8. Qf3 {B90: Sicilian Najdorf: Unusual White 6th moves, 6 Be3 Ng4 and 6 Be3 e5} Nbd7 {[%cal Bb8d7,Bd7b6,Bb6c4][%mdl 32]} 9. h3 Rc8 10. Bd3 {LiveBook: 3 Games. The position is equal.} Nb6 11. g4 $146 ({Predecessor:} 11. O-O Nc4 12. Bc1 Be7 13. Nd2 Nxd2 14. Bxd2 O-O 15. a4 Nd7 {0-1 (41) Gulamali,K (2350)-Nyzhnyk,I (2627) Arlington 2015}) 11... Be7 12. g5 Nfd7 13. Rg1 Nc4 14. O-O-O Qc7 (14... Nxe3 $15 15. Qxe3 h6 16. gxh6 Rxh6) 15. Nd5 $36 {[%mdl 2048] White is pushing.} Bxd5 16. exd5 a5 {White must now prevent ...a4.} 17. Rg4 b5 {With the idea ...a4.} 18. Nd2 Nxd2 19. Rxd2 ({Don't play} 19. Kxd2 $6 O-O $11) 19... Rb8 20. Kb1 g6 21. h4 Nc5 22. Bxc5 ({Better is} 22. Bf1 $16) 22... Qxc5 23. Qe4 h5 24. Rg3 O-O 25. Qe2 ({White should play} 25. f4 $11) 25... a4 $15 26. Be4 b4 27. Qe3 {next Qxc5 is good for White.} Rfc8 28. Qxc5 Rxc5 29. Rgd3 Bd8 30. f3 Bb6 31. a3 (31. Re2 $15) 31... bxa3 $17 32. Rxa3 Rc4 33. c3 Bc5 $1 {[%cal Rc5a3]} 34. Ra2 Rxc3 35. Rxa4 Re3 36. Ka2 Re1 37. Rh2 Rd1 38. Rc2 Rd4 39. Rxd4 Bxd4 {[%mdl 4096] Endgame KRB-KRB} 40. Kb1 Bc5 41. Rc4 Bd4 42. Rc2 $1 Rb4 43. Ka2 Rb8 44. Kb1 $1 Kf8 45. Ka2 Bc5 46. Kb1 Ke7 47. Rg2 Kd8 48. Bd3 Rb4 49. Be4 Kc7 50. Kc2 Bd4 51. Kb1 Kb6 52. Rc2 Bc5 53. Ka2 Ka5 54. Kb1 Rd4 55. Ka2 Kb4 56. Rc3 Ka5 57. Rc2 $1 Kb5 58. Rc3 Rd2 59. Bd3+ {[#]} Ka5 $1 60. Bc2 Rd4 (60... Rf2 $142 61. Kb1 Bb4) 61. Be4 Ra4+ 62. Kb1 Rb4 (62... Kb6 $17) 63. Ra3+ (63. Rc2 $1 $11) 63... Ra4 64. Rc3 $1 Rd4 (64... Ka6 $15) 65. Kc2 (65. Ka2 $1 $11 {remains equal.}) 65... Kb6 66. Rb3+ (66. Kc1 $142) 66... Bb4 {Black is clearly better.} 67. Re3 {[#]} Rd2+ $1 68. Kb3 Bc5 69. Rc3 Rh2 70. Rc4 Ka5 {Precision: White = 53%, Black = 56%.} ({Black should try} 70... Kb7 $17 71. Bc2 Rh3) 1/2-1/2